000 00367cam a2200145ua 4500
041 _aeng
_h
082 _a613
_bMEN/TE
100 _aMenkel, H C .
245 _aTested ways to health /
_cH C Menkel.
_hTextual Documents
260 _aPoona :
_bOriental Watchman Publishing House ,
_c1960.
300 _a112 ; .
504 _a
942 _cBK
999 _c10150
_d10150